000 00494nam a2200169 i 4500
001 75877
003 ES-MaACL
005 20230906172633.0
007 t|
008 040928s1913 sp ||||1| spa d
100 1 _aGuallart Elías, Eugenio.
_960296
245 1 0 _aPasos y escalas salmoneras /
_cEugenio Guallart y Elías.
260 _aMadrid :
_b[s.n.],
_c1913 (
_fImp. de Ricardo Rojas)
300 _a86 p. :
_bil. ;
_c24 cm.
650 4 _aSalmones.
_9160209
852 _aES-MaACL
_jT-1330-F-5
999 _c75877
_d75877